[Event "27th Summer Universiade in Kazan (Men)"]
[Site "Kazan"]
[Date "2013.07.09"]
[Round "1.14"]
[White "Zhou, Jianchao"]
[Black "Gantner, Matthias"]
[Result "1-0"]
[LiveChessVersion "1.4.2"]
[BlackElo "2270"]
[WhiteElo "2572"]

1. d4 {[%clk 1:30:46]} d5 {[%clk 1:30:48]} 2. c4 {[%clk 1:30:14]} c6
{[%clk 1:31:11]} 3. Nf3 {[%clk 1:30:39]} Nf6 {[%clk 1:31:33]} 4. Nc3
{[%clk 1:31:03]} a6 {[%clk 1:31:19]} 5. g3 {[%clk 1:27:39]} g6 {[%clk 1:24:39]}
6. Bg2 {[%clk 1:21:28]} dxc4 {[%clk 1:19:22]} 7. a4 {[%clk 1:19:54]} Bg7
{[%clk 1:16:49]} 8. a5 {[%clk 1:20:08]} Bf5 {[%clk 1:07:44]} 9. O-O
{[%clk 1:17:00]} Nbd7 {[%clk 0:57:36]} 10. Qa4 {[%clk 1:14:40]} O-O
{[%clk 0:48:08]} 11. Qxc4 {[%clk 1:14:25]} Ne4 {[%clk 0:43:56]} 12. Bf4
{[%clk 1:09:44]} Ndf6 {[%clk 0:34:34]} 13. Qb3 {[%clk 1:04:01]} Nd6
{[%clk 0:28:12]} 14. Ne5 {[%clk 0:54:42]} Be6 {[%clk 0:25:30]} 15. Qb4
{[%clk 0:49:05]} Nd5 {[%clk 0:24:53]} 16. Nxd5 {[%clk 0:49:24]} cxd5
{[%clk 0:22:28]} 17. Rfc1 {[%clk 0:41:18]} Nb5 {[%clk 0:21:41]} 18. Rc5
{[%clk 0:41:19]} Rc8 {[%clk 0:17:35]} 19. Rac1 {[%clk 0:40:35]} Rxc5
{[%clk 0:17:08]} 20. Rxc5 {[%clk 0:40:59]} g5 {[%clk 0:13:32]} 21. Bd2
{[%clk 0:35:11]} Qd6 {[%clk 0:13:38]} 22. e3 {[%clk 0:27:54]} Bxe5
{[%clk 0:11:33]} 23. dxe5 {[%clk 0:28:19]} Qxe5 {[%clk 0:11:57]} 24. e4
{[%clk 0:27:51]} Rd8 {[%clk 0:07:59]} 25. Rxb5 {[%clk 0:20:19]} axb5
{[%clk 0:08:20]} 26. Qxe7 {[%clk 0:20:39]} Rd7 {[%clk 0:03:59]} 27. Qe8+
{[%clk 0:21:06]} Kg7 {[%clk 0:04:25]} 28. exd5 {[%clk 0:21:20]} Rxd5
{[%clk 0:04:49]} 29. Bc3 {[%clk 0:21:22]} Rd1+ {[%clk 0:04:42]} 30. Bf1
{[%clk 0:21:50]} Qxc3 {[%clk 0:02:25]} 31. bxc3 {[%clk 0:22:15]} Bc4
{[%clk 0:02:11]} 32. Qe7 {[%clk 0:18:21]} h6 {[%clk 0:01:24]} 33. Qxb7
{[%clk 0:13:55]} Bxf1 {[%clk 0:01:45]} 34. f4 {[%clk 0:09:47]} 1-0

[Event "27th Summer Universiade in Kazan (Men)"]
[Site "Kazan"]
[Date "2013.07.09"]
[Round "1.15"]
[White "Wyss, Jonas"]
[Black "Moranda, Wojciech"]
[Result "0-1"]
[LiveChessVersion "1.4.2"]
[BlackElo "2570"]
[WhiteElo "2270"]

1. e4 {[%clk 1:30:56]} c5 {[%clk 1:30:16]} 2. Nf3 {[%clk 1:30:57]} d6
{[%clk 1:30:15]} 3. d4 {[%clk 1:31:14]} cxd4 {[%clk 1:30:37]} 4. Nxd4
{[%clk 1:31:34]} Nf6 {[%clk 1:30:52]} 5. Nc3 {[%clk 1:31:57]} a6 {[%clk 1:31:09]}
6. Bg5 {[%clk 1:30:35]} Nbd7 {[%clk 1:27:52]} 7. f4 {[%clk 1:28:55]} Qc7
{[%clk 1:24:56]} 8. Qe2 {[%clk 1:24:35]} e6 {[%clk 1:21:56]} 9. O-O-O
{[%clk 1:22:31]} b5 10. g4 {[%clk 1:09:26]} b4 {[%clk 1:18:45]} 11. Na4
{[%clk 1:05:29]} Bb7 {[%clk 0:55:28]} 12. Bg2 {[%clk 1:04:34]} Be7
{[%clk 0:52:02]} 13. h4 {[%clk 0:47:04]} Rc8 14. Bxf6 {[%clk 0:32:49]} Bxf6
{[%clk 0:27:11]} 15. Kb1 {[%clk 0:23:02]} O-O {[%clk 0:23:59]} 16. g5
{[%clk 0:22:37]} Bxd4 {[%clk 0:22:24]} 17. Rxd4 {[%clk 0:22:58]} Nc5
{[%clk 0:18:29]} 18. Nxc5 {[%clk 0:12:34]} dxc5 {[%clk 0:18:46]} 19. Rc4
{[%clk 0:12:37]} a5 20. e5 {[%clk 0:09:13]} Ba6 {[%clk 0:18:33]} 21. Be4
{[%clk 0:06:16]} Rfd8 {[%clk 0:18:01]} 22. Bd3 {[%clk 0:04:20]} Bxc4
{[%clk 0:17:59]} 23. Bxc4 {[%clk 0:04:46]} Rd4 {[%clk 0:14:10]} 24. g6
{[%clk 0:02:13]} hxg6 {[%clk 0:13:37]} 25. h5 {[%clk 0:02:37]} Qc6
{[%clk 0:13:30]} 26. Rg1 {[%clk 0:02:22]} Qe4 {[%clk 0:13:18]} 27. hxg6
{[%clk 0:01:07]} Qxe2 {[%clk 0:11:03]} 28. gxf7+ {[%clk 0:01:24]} Kxf7
{[%clk 0:11:27]} 29. Bxe2 {[%clk 0:01:47]} Rxf4 {[%clk 0:11:50]} 30. Bh5+
{[%clk 0:00:32]} Kf8 {[%clk 0:11:55]} 31. Bg6 {[%clk 0:00:38]} Rd8
{[%clk 0:12:14]} 32. b3 {[%clk 0:00:33]} Rd5 {[%clk 0:12:16]} 33. Rh1
{[%clk 0:00:34]} Rxe5 {[%clk 0:12:26]} 0-1

[Event "27th Summer Universiade in Kazan (Men)"]
[Site "Kazan"]
[Date "2013.07.09"]
[Round "1.16"]
[White "Tomczak, Jacek"]
[Black "Kalnins, Kristaps"]
[Result "1-0"]
[LiveChessVersion "1.4.2"]
[BlackElo "2269"]
[WhiteElo "2564"]

1. e4 {[%clk 1:30:57]} e5 {[%clk 1:30:09]} 2. Nf3 {[%clk 1:31:07]} d6
{[%clk 1:30:24]} 3. d4 {[%clk 1:31:08]} Nd7 {[%clk 1:30:50]} 4. Nc3
{[%clk 1:30:12]} c6 {[%clk 1:31:14]} 5. Bc4 {[%clk 1:25:01]} Be7 {[%clk 1:31:39]}
6. O-O {[%clk 1:17:16]} Ngf6 {[%clk 1:31:57]} 7. Re1 {[%clk 1:14:51]} O-O
{[%clk 1:32:02]} 8. b3 {[%clk 1:13:11]} b5 {[%clk 1:20:03]} 9. Bd3
{[%clk 1:11:42]} Qb6 {[%clk 1:17:19]} 10. a4 {[%clk 1:02:47]} exd4
{[%clk 1:11:50]} 11. a5 {[%clk 1:02:18]} Qc5 {[%clk 1:09:16]} 12. Ne2
{[%clk 1:01:54]} Ng4 {[%clk 1:07:54]} 13. Bb2 {[%clk 0:53:45]} Bf6
{[%clk 1:07:39]} 14. h3 {[%clk 0:44:49]} Nge5 {[%clk 1:07:29]} 15. Nfxd4
{[%clk 0:44:57]} a6 {[%clk 1:03:02]} 16. c3 {[%clk 0:27:00]} Nxd3
{[%clk 0:58:42]} 17. Qxd3 {[%clk 0:27:16]} Ne5 {[%clk 0:58:58]} 18. Qg3
{[%clk 0:25:53]} Qa7 {[%clk 0:58:37]} 19. Nf4 {[%clk 0:24:13]} g6
{[%clk 0:53:42]} 20. Nh5 {[%clk 0:17:07]} Bh8 {[%clk 0:54:03]} 21. Rad1
{[%clk 0:17:10]} f5 {[%clk 0:48:04]} 22. Bc1 {[%clk 0:04:04]} fxe4
{[%clk 0:16:45]} 23. Bh6 {[%clk 0:04:28]} Rf5 {[%clk 0:15:28]} 24. Nxf5
{[%clk 0:04:13]} Bxf5 {[%clk 0:15:23]} 25. Be3 {[%clk 0:02:22]} Qc7
{[%clk 0:15:39]} 26. Bb6 {[%clk 0:01:28]} Qe7 {[%clk 0:16:04]} 27. Bd4
{[%clk 0:00:46]} c5 {[%clk 0:16:08]} 28. Be3 {[%clk 0:00:49]} Nd3
{[%clk 0:15:09]} 29. Rf1 {[%clk 0:00:59]} Bxc3 {[%clk 0:12:28]} 30. f3
{[%clk 0:01:06]} Be5 {[%clk 0:10:07]} 31. Nf4 {[%clk 0:01:24]} Rf8
{[%clk 0:10:03]} 32. fxe4 {[%clk 0:01:22]} Bxe4 {[%clk 0:10:17]} 33. Qg4
{[%clk 0:01:32]} Nb2 {[%clk 0:04:59]} 34. Rd2 {[%clk 0:01:22]} c4
{[%clk 0:04:56]} 35. Rdf2 {[%clk 0:01:08]} Bxf4 {[%clk 0:03:59]} 36. Bxf4 Rf5
{[%clk 0:01:49]} 37. Rxb2 {[%clk 0:01:11]} 1-0

[Event "27th Summer Universiade in Kazan (Men)"]
[Site "Kazan"]
[Date "2013.07.09"]
[Round "1.17"]
[White "Esenov, Annaberdi"]
[Black "Tazbir, Marcin"]
[Result "1-0"]
[LiveChessVersion "1.4.2"]
[BlackElo "2561"]
[WhiteElo "2255"]

1. e4 {[%clk 1:30:33]} c6 {[%clk 1:30:50]} 2. d4 {[%clk 1:30:14]} d5
{[%clk 1:29:35]} 3. Nc3 {[%clk 1:29:28]} g6 4. e5 Bg7 {[%clk 1:27:44]} 5. f4
{[%clk 1:29:25]} Nh6 {[%clk 1:26:37]} 6. Nf3 {[%clk 1:27:42]} f6 {[%clk 1:23:45]}
7. Bd3 {[%clk 1:23:45]} O-O 8. Qe2 {[%clk 1:23:25]} fxe5 {[%clk 1:10:06]} 9. fxe5
{[%clk 1:19:37]} Bg4 {[%clk 1:03:43]} 10. Bg5 {[%clk 1:15:59]} Nf5 11. Qf2
{[%clk 1:16:10]} Bxf3 {[%clk 1:00:31]} 12. gxf3 {[%clk 1:15:15]} Qb6
{[%clk 1:00:14]} 13. Ne2 {[%clk 1:15:21]} Qxb2 {[%clk 0:45:31]} 14. O-O
{[%clk 1:14:22]} Qa3 {[%clk 0:33:05]} 15. Nf4 Na6 {[%clk 0:33:18]} 16. Ne6
{[%clk 1:13:46]} Nb4 {[%clk 0:33:24]} 17. Bxf5 {[%clk 1:02:05]} Rxf5
{[%clk 0:30:00]} 18. Bc1 {[%clk 0:57:21]} Qa4 {[%clk 0:27:12]} 19. Rb1
{[%clk 0:50:52]} b6 {[%clk 0:17:30]} 20. Rb3 Na6 {[%clk 0:15:18]} 21. Qe2
{[%clk 0:42:18]} Qc4 {[%clk 0:15:44]} 22. Qxc4 {[%clk 0:32:12]} dxc4
{[%clk 0:14:52]} 23. Ra3 {[%clk 0:32:38]} Nb4 {[%clk 0:09:21]} 24. Nc7
{[%clk 0:31:56]} Rc8 {[%clk 0:08:00]} 25. Rxa7 Nxc2 {[%clk 0:08:21]} 26. Ne6
{[%clk 0:30:36]} Bf8 {[%clk 0:04:30]} 27. f4 {[%clk 0:24:55]} b5 28. Bd2
{[%clk 0:24:33]} Kf7 {[%clk 0:01:56]} 29. Ng5+ Kg8 {[%clk 0:02:13]} 30. Ne6
{[%clk 0:17:04]} Kf7 {[%clk 0:02:37]} 31. Ng5+ {[%clk 0:08:01]} Ke8
{[%clk 0:02:22]} 32. Ne6 {[%clk 0:07:42]} Bh6 {[%clk 0:02:43]} 33. Rc1
{[%clk 0:06:56]} Kf7 34. d5 cxd5 {[%clk 0:03:00]} 35. Ra6 {[%clk 0:06:01]} c3 36.
Rxc2 {[%clk 0:02:52]} cxd2 {[%clk 0:03:14]} 37. Rxd2 Rxe5 {[%clk 0:03:50]} 38.
fxe5 {[%clk 0:02:38]} Bxd2 {[%clk 0:02:20]} 39. Kf2 {[%clk 0:01:47]} Rc4
{[%clk 0:01:26]} 40. Nd8+ {[%clk 0:00:54]} Kg7 {[%clk 0:01:21]} 41. Ra7
{[%clk 0:01:06]} Bb4 {[%clk 0:01:27]} 42. Rd7 {[%clk 0:00:54]} Rc2+
{[%clk 0:01:19]} 43. Kg3 {[%clk 0:01:08]} Rxa2 {[%clk 0:01:36]} 44. Rxd5
{[%clk 0:01:16]} Be1+ {[%clk 0:01:12]} 45. Kh3 {[%clk 0:01:04]} h5
{[%clk 0:01:23]} 46. Ne6+ {[%clk 0:00:53]} Kh6 {[%clk 0:01:35]} 47. Rd1
{[%clk 0:00:48]} Bc3 {[%clk 0:01:53]} 48. Rd5 {[%clk 0:00:40]} Re2 49. Nf4
{[%clk 0:01:00]} Re3+ {[%clk 0:02:09]} 50. Kg2 Bxe5 {[%clk 0:02:51]} 51. Nd3
{[%clk 0:01:11]} Bd6 {[%clk 0:03:09]} 52. h4 {[%clk 0:00:54]} b4 {[%clk 0:03:22]}
1-0

[Event "27th Summer Universiade in Kazan (Men)"]
[Site "Kazan"]
[Date "2013.07.09"]
[Round "1.18"]
[White "Durarbayli, Vasif"]
[Black "Mohamad, Ervan"]
[Result "1-0"]
[LiveChessVersion "1.4.2"]
[BlackElo "2207"]
[WhiteElo "2549"]

1. e4 {[%clk 1:30:46]} c5 {[%clk 1:30:47]} 2. Nf3 {[%clk 1:31:10]} d6
{[%clk 1:31:07]} 3. d4 {[%clk 1:31:36]} cxd4 {[%clk 1:31:30]} 4. Nxd4
{[%clk 1:32:04]} Nf6 {[%clk 1:31:48]} 5. Nc3 {[%clk 1:32:29]} a6 {[%clk 1:32:15]}
6. Be2 {[%clk 1:32:54]} e6 {[%clk 1:32:18]} 7. Be3 {[%clk 1:29:55]} Qc7
{[%clk 1:31:45]} 8. f4 {[%clk 1:30:17]} b5 {[%clk 1:31:03]} 9. Bf3 Bb7
{[%clk 1:31:06]} 10. e5 {[%clk 1:30:14]} dxe5 {[%clk 1:29:07]} 11. Bxb7 Qxb7
{[%clk 1:19:44]} 12. fxe5 {[%clk 1:29:25]} Nfd7 {[%clk 1:17:31]} 13. O-O
{[%clk 1:22:20]} Nxe5 {[%clk 1:09:30]} 14. Qh5 {[%clk 1:21:04]} Ng6
{[%clk 1:06:29]} 15. Qh3 Bd6 {[%clk 0:35:24]} 16. Nxe6 {[%clk 1:20:23]} fxe6 17.
Qxe6+ {[%clk 1:20:06]} Qe7 {[%clk 0:34:59]} 18. Qc8+ {[%clk 1:19:08]} Qd8
{[%clk 0:35:21]} 19. Qb7 {[%clk 1:19:18]} Qe7 {[%clk 0:28:40]} 20. Qxa8
{[%clk 1:19:40]} Qxe3+ {[%clk 0:29:05]} 21. Kh1 {[%clk 1:20:07]} Ne7
{[%clk 0:28:28]} 22. Qb7 {[%clk 1:14:16]} Rf8 {[%clk 0:22:11]} 23. Rfe1 Qf4 24.
Qc8+ {[%clk 1:00:16]} Kf7 {[%clk 0:22:33]} 25. Qe6+ {[%clk 1:00:42]} Ke8
{[%clk 0:22:53]} 26. Qh3 {[%clk 1:01:01]} Qf5 27. Qh4 {[%clk 0:59:02]} Nbc6
{[%clk 0:21:57]} 28. a4 {[%clk 0:58:50]} b4 {[%clk 0:19:46]} 29. Ne4
{[%clk 0:58:06]} Bc7 {[%clk 0:16:01]} 30. c3 bxc3 {[%clk 0:15:41]} 31. bxc3
{[%clk 0:58:52]} h6 {[%clk 0:15:15]} 32. c4 {[%clk 0:56:17]} Qe5 {[%clk 0:12:28]}
33. Ng3 Qg5 34. Qxg5 {[%clk 0:54:09]} hxg5 {[%clk 0:08:52]} 35. Ne4
{[%clk 0:54:34]} g4 {[%clk 0:06:58]} 36. c5 {[%clk 0:55:00]} Be5 {[%clk 0:06:48]}
37. Rad1 {[%clk 0:55:19]} Rh8 {[%clk 0:06:21]} 38. g3 {[%clk 0:54:24]} Kf7
{[%clk 0:06:43]} 39. Nd6+ {[%clk 0:53:52]} Ke6 {[%clk 0:05:40]} 40. Nc4
{[%clk 0:52:18]} Nf5 {[%clk 0:05:22]} 41. Kg2 Kf6 42. Rd5 {[%clk 0:52:27]} Bc3
{[%clk 0:05:21]} 43. Rf1 {[%clk 0:46:36]} Ne5 {[%clk 0:05:11]} 44. Ne3 g6 45.
Rd6+ {[%clk 0:44:13]} Kg5 {[%clk 0:05:29]} 46. Nxf5 {[%clk 0:43:55]} gxf5
{[%clk 0:05:54]} 47. Rc1 {[%clk 0:42:42]} Bb2 {[%clk 0:06:01]} 48. Rb1
{[%clk 0:42:01]} Nc4 {[%clk 0:04:46]} 49. Rxa6 Rd8 50. Kh1 {[%clk 0:33:56]} Rd2
{[%clk 0:03:55]} 51. Re6 {[%clk 0:33:27]} Bd4 {[%clk 0:03:41]} 52. c6
{[%clk 0:33:30]} Ne5 {[%clk 0:03:38]} 53. Re1 {[%clk 0:33:42]} Nf3
{[%clk 0:02:07]} 54. R6e2 {[%clk 0:34:10]} Rd3 {[%clk 0:02:29]} 55. Rc1 Be3
{[%clk 0:01:18]} 56. c7 {[%clk 0:33:37]} Bxc1 {[%clk 0:01:31]} 57. c8=Q
{[%clk 0:34:02]} Ba3 {[%clk 0:01:06]} 58. Kg2 {[%clk 0:33:52]} Bd6
{[%clk 0:01:03]} 59. Qg8+ {[%clk 0:33:57]} Kh5 {[%clk 0:01:25]} 60. Qh7+
{[%clk 0:34:19]} Kg5 {[%clk 0:01:51]} 61. Qg7+ {[%clk 0:34:36]} Kh5
{[%clk 0:02:16]} 62. Qf6 {[%clk 0:34:43]} Rd1 {[%clk 0:01:47]} 63. Qxf5+
{[%clk 0:35:05]} Ng5 {[%clk 0:02:12]} 64. a5 {[%clk 0:35:14]} Rc1
{[%clk 0:01:53]} 65. Rc2 {[%clk 0:35:34]} Re1 {[%clk 0:02:12]} 66. a6
{[%clk 0:35:53]} Be5 {[%clk 0:02:36]} 67. Qf2 {[%clk 0:36:02]} Rd1
{[%clk 0:02:58]} 68. a7 {[%clk 0:36:22]} Ra1 {[%clk 0:02:46]} 69. Ra2
{[%clk 0:36:48]} 1-0

[Event "27th Summer Universiade in Kazan (Men)"]
[Site "Kazan"]
[Date "2013.07.09"]
[Round "1.19"]
[White "Galmandakh, Badrakh"]
[Black "Margvelashvili, Giorgi"]
[Result "1/2-1/2"]
[LiveChessVersion "1.4.2"]
[BlackElo "2548"]
[WhiteElo "2203"]

1. d3 {[%clk 1:30:15]} d5 {[%clk 1:28:53]} 2. g3 {[%clk 1:25:58]} e5
{[%clk 1:20:57]} 3. Bg2 {[%clk 1:26:02]} c6 {[%clk 1:19:58]} 4. Nf3
{[%clk 1:22:36]} Bd6 {[%clk 1:20:22]} 5. O-O {[%clk 1:22:32]} Ne7
{[%clk 1:18:44]} 6. e4 {[%clk 1:20:09]} O-O {[%clk 1:17:40]} 7. Re1
{[%clk 1:20:08]} d4 {[%clk 1:15:29]} 8. c3 {[%clk 1:12:47]} c5 {[%clk 1:13:36]}
9. Na3 {[%clk 1:12:49]} Nbc6 {[%clk 1:13:49]} 10. Bd2 {[%clk 1:07:38]} f6
{[%clk 1:12:52]} 11. Nc4 {[%clk 1:05:53]} Bc7 {[%clk 1:12:40]} 12. cxd4
{[%clk 1:05:48]} cxd4 {[%clk 1:12:45]} 13. a4 {[%clk 1:04:41]} a5
{[%clk 1:12:20]} 14. b4 {[%clk 1:00:39]} axb4 {[%clk 1:11:07]} 15. Qb3
{[%clk 0:57:38]} Be6 {[%clk 1:00:58]} 16. Bxb4 {[%clk 0:55:32]} Ba5
{[%clk 1:00:09]} 17. Bh3 {[%clk 0:49:28]} Bf7 {[%clk 0:58:49]} 18. Bd2
{[%clk 0:46:34]} Ra7 {[%clk 0:28:57]} 19. Rec1 {[%clk 0:35:17]} Kh8
{[%clk 0:29:16]} 20. Qb5 {[%clk 0:33:38]} Bc3 {[%clk 0:29:12]} 21. Bxc3
{[%clk 0:32:48]} dxc3 {[%clk 0:29:33]} 22. Rxc3 {[%clk 0:31:53]} Bh5
{[%clk 0:29:53]} 23. Ncd2 {[%clk 0:21:01]} Qa8 {[%clk 0:24:45]} 24. Rca3
{[%clk 0:13:42]} Ra5 {[%clk 0:21:10]} 25. Qb2 {[%clk 0:12:15]} Qa7
{[%clk 0:13:45]} 26. Rb1 {[%clk 0:06:14]} b5 {[%clk 0:12:32]} 27. Be6
{[%clk 0:02:53]} b4 {[%clk 0:08:37]} 28. Raa1 {[%clk 0:02:44]} Rxa4
{[%clk 0:08:36]} 29. g4 {[%clk 0:02:35]} Be8 {[%clk 0:06:45]} 30. Rxa4
{[%clk 0:02:27]} Qxa4 {[%clk 0:07:13]} 31. d4 {[%clk 0:01:47]} exd4
{[%clk 0:06:58]} 32. Nxd4 {[%clk 0:02:10]} Qa6 {[%clk 0:02:38]} 33. Bc4
{[%clk 0:02:04]} Qc8 {[%clk 0:02:50]} 34. Ne6 {[%clk 0:01:32]} Rg8
{[%clk 0:02:45]} 35. Nc5 {[%clk 0:01:09]} Rf8 {[%clk 0:00:37]} 36. Ne6
{[%clk 0:01:38]} Rg8 {[%clk 0:00:43]} 37. Nc5 {[%clk 0:02:07]} Rf8
{[%clk 0:00:38]} 38. Ne6 {[%clk 0:02:36]} 1/2-1/2

[Event "27th Summer Universiade in Kazan (Men)"]
[Site "Kazan"]
[Date "2013.07.09"]
[Round "1.20"]
[White "Baryshpolets, Andrey"]
[Black "Soares, Erikson Roberto Mauric"]
[Result "1-0"]
[LiveChessVersion "1.4.2"]
[BlackElo "2193"]
[WhiteElo "2544"]

1. d4 {[%clk 1:30:57]} d5 {[%clk 1:30:58]} 2. c4 {[%clk 1:31:12]} c6
{[%clk 1:31:24]} 3. Nf3 {[%clk 1:30:28]} Nf6 {[%clk 1:31:53]} 4. Nc3
{[%clk 1:30:39]} dxc4 {[%clk 1:31:31]} 5. a4 {[%clk 1:30:07]} Bf5
{[%clk 1:09:51]} 6. e3 {[%clk 1:29:49]} e6 {[%clk 1:08:52]} 7. Bxc4
{[%clk 1:30:09]} Bb4 {[%clk 1:09:20]} 8. O-O {[%clk 1:30:20]} Nbd7
{[%clk 1:09:22]} 9. Qe2 {[%clk 1:27:30]} O-O {[%clk 1:05:13]} 10. e4
{[%clk 1:27:23]} Bg4 {[%clk 1:05:24]} 11. Rd1 {[%clk 1:17:58]} Qa5
{[%clk 1:02:05]} 12. e5 {[%clk 1:09:15]} Nd5 {[%clk 1:01:46]} 13. Nxd5
{[%clk 1:05:08]} exd5 {[%clk 0:58:48]} 14. Bd3 {[%clk 1:03:18]} f6
{[%clk 0:58:48]} 15. Bxh7+ {[%clk 0:51:44]} Kxh7 {[%clk 0:58:05]} 16. Ng5+
{[%clk 0:51:56]} fxg5 {[%clk 0:58:14]} 17. Qxg4 {[%clk 0:52:20]} Qc7 18. Rd3
{[%clk 0:41:20]} Rae8 {[%clk 0:39:55]} 19. Bxg5 {[%clk 0:34:57]} Nxe5
{[%clk 0:32:17]} 20. dxe5 {[%clk 0:22:57]} Qxe5 {[%clk 0:32:37]} 21. Rf1
{[%clk 0:16:44]} Bc5 {[%clk 0:29:06]} 22. Be3 {[%clk 0:16:04]} Bd6
{[%clk 0:22:56]} 23. Qh3+ {[%clk 0:13:57]} Kg8 {[%clk 0:16:36]} 24. Bxa7
{[%clk 0:12:59]} c5 {[%clk 0:15:35]} 25. b3 {[%clk 0:10:42]} Rf4 {[%clk 0:08:44]}
26. Re3 {[%clk 0:09:22]} Re4 {[%clk 0:09:04]} 27. Rxe4 {[%clk 0:08:30]} Qxe4
{[%clk 0:08:57]} 28. Qd7 {[%clk 0:08:08]} Re6 {[%clk 0:08:56]} 29. Qc8+
{[%clk 0:06:57]} Re8 {[%clk 0:06:19]} 30. Qxb7 {[%clk 0:06:15]} Qe5
{[%clk 0:05:39]} 31. g3 {[%clk 0:06:10]} d4 {[%clk 0:05:39]} 32. Qb5
{[%clk 0:04:51]} Re7 {[%clk 0:03:01]} 33. Qc4+ {[%clk 0:04:18]} Kh8
{[%clk 0:03:06]} 34. Bb6 {[%clk 0:04:33]} g5 {[%clk 0:02:12]} 35. b4
{[%clk 0:04:14]} Rb7 {[%clk 0:00:59]} 36. bxc5 {[%clk 0:03:49]} 1-0

[Event "27th Summer Universiade in Kazan (Men)"]
[Site "Kazan"]
[Date "2013.07.09"]
[Round "1.21"]
[White "Garcia Fuentes, Sergio Mig"]
[Black "Bulski, Krzysztof"]
[Result "0-1"]
[LiveChessVersion "1.4.2"]
[BlackElo "2534"]
[WhiteElo "2181"]

1. e4 c5 2. Nf3 e6 3. b3 a6 4. Bb2 Nc6 5. d4 cxd4 6. Nxd4 Qf6 7. Be2 Bc5 8. c3
Nge7 9. O-O d5 10. Bf3 Ne5 11. Nd2 Nd3 12. Qc2 Nxb2 13. exd5 Bxd4 14. Ne4 Qg6 15.
d6 Nc6 16. cxd4 Nxd4 17. Qc3 Nxf3+ 18. Qxf3 Bd7 19. Rfe1 O-O 20. Qe2 Bc6 21. f3
Rad8 22. Qxb2 Bxe4 23. Rxe4 Rxd6 24. Rc1 Rfd8 25. Rec4 Qg5 26. Rc8 h6 27. Qc2
Rxc8 28. Qxc8+ Rd8 29. Qc3 Rd2 30. g3 Rxa2 31. Rd1 Qa5 32. Qxa5 Rxa5 33. Rd8+ Kh7
34. Rd7 Rb5 35. Rd3 Kg6 36. Kf2 Rd5 37. Rc3 Rd2+ 38. Ke3 Rxh2 39. Rc7 b5 40. Kd4
0-1

[Event "27th Summer Universiade in Kazan (Men)"]
[Site "Kazan"]
[Date "2013.07.09"]
[Round "1.22"]
[White "Batchuluun, Tsegmed"]
[Black "Caetano, Hugo Zanotti Mendonca"]
[Result "1-0"]
[LiveChessVersion "1.4.2"]
[BlackElo "2152"]
[WhiteElo "2517"]

1. d4 {[%clk 1:30:56]} d5 {[%clk 1:30:40]} 2. c4 {[%clk 1:31:19]} e6
{[%clk 1:30:43]} 3. Nf3 {[%clk 1:31:12]} c6 {[%clk 1:30:15]} 4. Qc2
{[%clk 1:31:08]} Nf6 {[%clk 1:25:57]} 5. g3 {[%clk 1:31:17]} Be7 {[%clk 1:21:09]}
6. Bg2 {[%clk 1:31:36]} O-O {[%clk 1:20:09]} 7. O-O {[%clk 1:31:59]} b6
{[%clk 1:18:05]} 8. Rd1 {[%clk 1:30:54]} Bb7 {[%clk 1:15:58]} 9. Nc3
{[%clk 1:30:34]} Nbd7 {[%clk 1:14:31]} 10. Bf4 {[%clk 1:30:43]} Nh5
{[%clk 1:06:35]} 11. Bc1 {[%clk 1:27:45]} Nhf6 {[%clk 0:56:45]} 12. b3
{[%clk 1:17:38]} Rc8 {[%clk 0:54:39]} 13. e4 {[%clk 1:14:43]} dxe4
{[%clk 0:46:58]} 14. Ne5 {[%clk 0:57:01]} Qc7 {[%clk 0:38:11]} 15. Bf4
{[%clk 0:56:29]} Bd6 {[%clk 0:36:26]} 16. Nxe4 {[%clk 0:52:58]} Nxe4
{[%clk 0:33:11]} 17. Qxe4 {[%clk 0:52:59]} Nf6 {[%clk 0:26:35]} 18. Qe2
{[%clk 0:52:37]} Qe7 {[%clk 0:24:23]} 19. Bg5 h6 {[%clk 0:15:18]} 20. Bxf6
{[%clk 0:47:32]} gxf6 {[%clk 0:15:29]} 21. Nd3 {[%clk 0:39:35]} Rfd8
{[%clk 0:13:38]} 22. Qe3 {[%clk 0:37:06]} Kg7 {[%clk 0:11:26]} 23. c5
{[%clk 0:33:19]} Bb8 {[%clk 0:11:08]} 24. Rac1 {[%clk 0:24:26]} Qd7
{[%clk 0:10:46]} 25. Nf4 {[%clk 0:20:03]} Bxf4 {[%clk 0:10:48]} 26. Qxf4
{[%clk 0:20:32]} f5 {[%clk 0:08:01]} 27. Qe5+ {[%clk 0:17:49]} f6
{[%clk 0:06:08]} 28. Qe2 {[%clk 0:16:54]} Rc7 29. b4 {[%clk 0:15:02]} b5
{[%clk 0:06:05]} 30. a4 {[%clk 0:10:08]} a6 {[%clk 0:05:39]} 31. axb5
{[%clk 0:09:00]} axb5 {[%clk 0:06:07]} 32. Ra1 {[%clk 0:08:18]} Ra8
{[%clk 0:05:22]} 33. Rxa8 {[%clk 0:08:04]} Bxa8 {[%clk 0:05:51]} 34. Re1
{[%clk 0:08:33]} Qxd4 {[%clk 0:05:17]} 35. Qxe6 {[%clk 0:08:57]} Qxb4
{[%clk 0:05:25]} 36. Rd1 {[%clk 0:07:33]} Qc4 {[%clk 0:02:25]} 37. Qe8
{[%clk 0:06:08]} Bb7 {[%clk 0:02:16]} 38. Rd8 {[%clk 0:06:04]} b4
{[%clk 0:02:24]} 39. Qh8+ {[%clk 0:06:03]} Kg6 {[%clk 0:02:46]} 40. Rg8+
{[%clk 0:06:16]} Qxg8 {[%clk 0:02:32]} 41. Qxg8+ {[%clk 0:06:39]} Rg7
{[%clk 0:02:59]} 42. Qc4 {[%clk 0:05:52]} Rd7 {[%clk 0:03:04]} 43. Bf3
{[%clk 0:06:09]} b3 {[%clk 0:02:48]} 44. Qxb3 {[%clk 0:06:24]} 1-0

[Event "27th Summer Universiade in Kazan (Men)"]
[Site "Kazan"]
[Date "2013.07.09"]
[Round "1.23"]
[White "Fernandes, Carlos"]
[Black "Gundavaa, Bayarsaikhan"]
[Result "0-1"]
[LiveChessVersion "1.4.2"]
[BlackElo "2516"]
[WhiteElo "2122"]

1. e4 {[%clk 1:30:56]} c5 {[%clk 1:30:50]} 2. Nc3 {[%clk 1:31:12]} d6
{[%clk 1:30:36]} 3. g3 {[%clk 1:31:36]} Nc6 {[%clk 1:30:30]} 4. Bg2
{[%clk 1:32:00]} g6 {[%clk 1:30:25]} 5. Nge2 {[%clk 1:32:22]} Bg7
{[%clk 1:30:13]} 6. O-O {[%clk 1:32:43]} e6 {[%clk 1:29:41]} 7. f4
{[%clk 1:33:03]} Nge7 {[%clk 1:29:50]} 8. d3 {[%clk 1:33:13]} O-O
{[%clk 1:29:35]} 9. Kh1 {[%clk 1:33:27]} Rb8 {[%clk 1:28:38]} 10. g4
{[%clk 1:33:42]} f5 11. Ng3 {[%clk 1:27:01]} Nd4 {[%clk 1:25:15]} 12. Nce2
{[%clk 1:25:46]} Bd7 {[%clk 1:19:00]} 13. gxf5 {[%clk 1:08:25]} exf5
{[%clk 1:18:53]} 14. Nc3 {[%clk 1:08:38]} b5 {[%clk 1:15:51]} 15. Nd5
{[%clk 0:59:33]} Nxd5 {[%clk 1:15:20]} 16. exd5 {[%clk 0:59:56]} b4
{[%clk 1:15:46]} 17. a4 {[%clk 1:00:05]} b3 {[%clk 1:15:17]} 18. cxb3
{[%clk 0:56:48]} Nxb3 {[%clk 1:13:11]} 19. Ra2 {[%clk 0:56:02]} Rb4
{[%clk 1:12:50]} 20. Be3 {[%clk 0:51:58]} Re8 {[%clk 1:11:43]} 21. Bf2
{[%clk 0:51:59]} Qb8 {[%clk 1:11:05]} 22. Be1 {[%clk 0:46:35]} Rxa4
{[%clk 1:10:56]} 23. Rxa4 {[%clk 0:46:32]} Bxa4 {[%clk 1:11:20]} 24. Bc3
{[%clk 0:46:37]} Qb5 {[%clk 1:11:32]} 25. Qf3 {[%clk 0:43:38]} Bxc3
{[%clk 1:11:40]} 26. bxc3 {[%clk 0:44:06]} Nd2 {[%clk 1:12:01]} 27. Qf2
{[%clk 0:42:48]} Nxf1 {[%clk 1:12:04]} 28. Bxf1 {[%clk 0:43:15]} Qb3
{[%clk 1:09:56]} 29. c4 {[%clk 0:41:29]} Qd1 {[%clk 1:10:14]} 30. Qg2
{[%clk 0:41:13]} Bc2 {[%clk 1:09:48]} 31. Nxf5 {[%clk 0:37:55]} Bxd3
{[%clk 1:09:46]} 32. Nh6+ {[%clk 0:37:49]} Kf8 {[%clk 1:10:06]} 0-1